Longest Serving Senators Quiz Stats

 Plays Quiz Retired Jul 7, 2021

Support Sporcle.
Go Orange.
Score 0/25 Timer 05:00
0 Plays Today
Duration Senator % Correct
46 years, 9 months, 19 daysEdward M. Kennedy
83%
47 years, 5 months, 8 days**Strom Thurmond
68.6%
51 years, 5 months, 26 daysRobert C. Byrd
68.2%
40 years*Charles E. Grassley
58.2%
42 yearsOrrin Hatch
54.1%
46 years*Patrick J. Leahy
50.1%
49 years, 11 months, 15 daysDaniel K. Inouye
32.9%
36 years, 13 daysJoseph R. Biden, Jr.
32.8%
39 years, 3 months, 6 daysThad Cochran
31.7%
40 years, 10 daysTed Stevens
27.8%
36 yearsRichard Lugar
26.2%
36 yearsCarl Levin
25.6%
35 years, 9 months, 22 daysMilton R. Young
20%
Duration Senator % Correct
38 years, 3 daysRussell Long
15.2%
38 years, 10 daysRichard B. Russell
13%
41 years, 1 month, 29 daysJohn Stennis
12.7%
38 years, 1 month, 25 daysErnest F. Hollings
12.5%
36 years*Mitch McConnell
11%
36 yearsPete V. Domenici
9.4%
41 years, 9 months, 30 daysCarl T. Hayden
9.4%
36 years, 2 months, 24 days**James Eastland
8.2%
36 years, 20 daysWarren Magnuson
7%
37 years, 4 days**Francis E. Warren
6%
35 years, 10 monthsKenneth D. McKellar
5.5%
36 yearsClaiborne Pell
4.3%

From the Vault

TV Show by Winner

by sproutcm

Once you win one of these you're guaranteed to be recognized at airports wherever you go!
Remove Ads.
Support Sporcle.
Get the best of Sporcle when you Go Orange. This ad-free experience offers more features, more stats, and more fun while also helping to support Sporcle. Thank you for becoming a member.

Show Comments

Extras

Top Quizzes Today


Score Distribution

Your Account Isn't Verified!

In order to create a playlist on Sporcle, you need to verify the email address you used during registration. Go to your Sporcle Settings to finish the process.

Report this User

Report this user for behavior that violates our Community Guidelines.

Details: